Any Country by Start/End Letter Quiz Stats

 Plays Quiz Updated Feb 13, 2019

Support Sporcle.
Go Orange.
Score 0/35 Timer 03:00
20 Plays Today
Pattern Sample Country % Correct
A____AAustralia
95.6%
I____AIndia
90.6%
C____AChina
90.3%
J____NJapan
89.3%
P____UPeru
88.3%
G____AGuatemala
87.2%
R____ARussia
86.5%
S____ASlovenia
82.4%
U____AUganda
78.4%
E____AEthiopia
77.8%
S____NSpain
76.5%
M____AMalta
76.4%
M____OMexico
76.1%
L____ALibya
72.6%
B____NBahrain
71.7%
T____ATanzania
70.8%
N____ANigeria
70%
M____IMali
68.4%
Pattern Sample Country % Correct
P____APanama
66.9%
B____ABolivia
64.8%
T____OTogo
62.6%
I____DIreland
61.4%
A____NAfghanistan
60%
B____IBrunei
58.8%
K____NKazakhstan
58.6%
C____EChile
56.8%
B____SBahamas
55.5%
M____RMadagascar
54.1%
L____NLebanon
52.4%
E____REcuador
45.1%
C____SCyprus
45%
T____NTaiwan
44.4%
M____SMaldives
42.3%
S____SSeychelles
37.7%
S____ESingapore
36.2%

You're not logged in!

Compare scores with friends on all Sporcle quizzes.
OR
Log In
Forgot?

From the Vault

Before Battling Brock

by naqwerty3

Gaming 4m
Better hope you picked Bulbasaur.
Remove Ads.
Support Sporcle.
Get the best of Sporcle when you Go Orange. This ad-free experience offers more features, more stats, and more fun while also helping to support Sporcle. Thank you for becoming a member.

Show Comments

Extras

Top Quizzes Today


Score Distribution

Your Account Isn't Verified!

In order to create a playlist on Sporcle, you need to verify the email address you used during registration. Go to your Sporcle Settings to finish the process.

Report this User

Report this user for behavior that violates our Community Guidelines.

Details: